Normal view
MARC view
Entry Personal Name
001 - CONTROL NUMBER
- control field: 126932
003 - CONTROL NUMBER IDENTIFIER
- control field: NUST
005 - DATE AND TIME OF LATEST TRANSACTION
- control field: 20241114124119.0
008 - FIXED-LENGTH DATA ELEMENTS
- fixed length control field: 241114|| aca||aabn | a|a d
040 ## - CATALOGING SOURCE
- Original cataloging agency: NUST
- Transcribing agency: NUST
100 ## - HEADING--PERSONAL NAME
- Titles and other words associated with a name: Sir
670 ## - SOURCE DATA FOUND
- Source citation: Work cat.: (NUST)586590: Beatson, J., author. 83421, Anson's law of contract /, 2020
